Stranger Things Season 5 Characters - Statistics

General Stats
  • This quiz has been taken 231 times
  • The average score is 19 of 20
Answer Stats
Picture Answer % Correct
Dustin Henderson
100%
Eleven / Jane Hopper
99%
Jim Hopper
99%
Jonathan Byers
99%
Lucas Sinclair
99%
Max Mayfield
99%
Mike Wheeler
99%
Nancy Wheeler
99%
Robin Buckley
99%
Steve Harrington
99%
Will Byers
99%
Vecna
98%
Joyce Byers
97%
Erica Sinclair
96%
Holly Wheeler
95%
Murray Bauman
94%
Henry Creel
93%
Karen Wheeler
92%
Derek Turnbow
87%
Mr. Whatsit
82%
No matching quizzes found
Score Distribution
Percent of People with Each Score
Percentile by Number Answered
Your Score History
You have not taken this quiz